Normal view
MARC view
Entry Topical Term
001 - CONTROL NUMBER
- control field: 26622
003 - CONTROL NUMBER IDENTIFIER
- control field: ARRUPE
005 - DATE AND TIME OF LATEST TRANSACTION
- control field: 20161007132048.0
008 - FIXED-LENGTH DATA ELEMENTS
- fixed length control field: 161007|| aca||aabn | a|a d
040 ## - CATALOGING SOURCE
- Original cataloging agency: ARRUPE
- Transcribing agency: ARRUPE
150 ## - HEADING--TOPICAL TERM
- Topical term or geographic name as entry element: Civilization, classical
670 ## - SOURCE DATA FOUND
- Source citation: Work cat.: (ARRUPE): Warry, John Gibson 26620, Warfare in the Classical world , 1980